| 000 | 01255nam a2200349Ia 4500 | ||
|---|---|---|---|
| 001 | Z_7003 | ||
| 003 | CHAP | ||
| 005 | 20221122142419.0 | ||
| 008 | 220113s2017 xx 000 0 und d | ||
| 010 | _a170275 | ||
| 040 | _cCHAP | ||
| 090 | _aTesis L57 2589 | ||
| 100 |
_aLira Candelas, Ana Lilia de _9133084 |
||
| 245 |
_aRendimiento de trébol rojo (trifolium pratense L.) a diferente edad de cosecha en la estación primavera / _cAna Lilia de Lira Candelas |
||
| 260 |
_aMéxico : _bEl autor, _c2017 |
||
| 300 | _a41 p | ||
| 502 | _aTesis (Ingeniero Agrónomo Especialista en Zootecnia) -- UACh, 2017 \ Dirección: Sergio Iban Mendoza Pedroza; asesoría: Alfonso Hernández Garay y Perpetuo Alvarez Vázquez | ||
| 650 |
_aInercepción _9146535 |
||
| 650 |
_aPrimavera _9146536 |
||
| 650 |
_aRendimiento _9143245 |
||
| 650 |
_aSemana _9146537 |
||
| 650 |
_aTrébol rojo _9146538 |
||
| 700 |
_a Alvarez Vázquez, Perpetuo, asesor _9146539 |
||
| 700 |
_a Hernández Garay, Alfonso, asesor _9144186 |
||
| 700 |
_aMendoza Pedroza, Sergio Iban, director _9145221 |
||
| 856 | 4 | 2 |
_uhttp://10.13.5.2/tesis/sist113615.pdf _yDescargar PDF |
| 901 | _aTESIS L57 2589 | ||
| 902 | _aA | ||
| 910 | _a2017 | ||
| 942 |
_c2 _2ddc |
||
| 942 |
_c2 _2ddc |
||
| 999 |
_c170275 _d170275 |
||